[Event "Duell 7"]
[Site "Turnierstufe"]
[Date "2025.08.06"]
[Round "30"]
[White "Reflection II max Super Expert C sel. 5"]
[Black "Reflection II max Nigel Short"]
[Result "1/2-1/2"]
[WhiteElo "2150"]
[BlackElo "2203"]
[PlyCount "224"]

1.e4 e5 2.Nf3 Nc6 3.Bc4 Bc5 4.c3 Nf6 5.d3 d6 {Buchende.} 6.Nbd2 {Buchende. Zum
Abschluss eine sehr ruhige Italienische ERöffnung.} 6...O-O 7.O-O Bb6 8.a4 
{Guter Zug...} 8...a5 {... und der ebenfalls.} 9.Bb3 Bg4 $6 {Hier kann er nichts
ausrichten.} ( {Einfach} 9...h6 {oder} ) ( 9...Bd7 ) 10.h3 Bh5 11.Nc4 Bc5 
12.Bg5 h6 13.Bh4 Rc8 14.Ne3 Ra8 15.g4 $14 {Nigel Short muss verteidigen - in
diesem Match ungewöhnlich für ihn.} 15...Bg6 16.Nd5 Ba7 17.Nd2 Nb8 18.Nxf6+ 
{Der erste Schlagzug.} 18...gxf6 19.Nc4 Nc6 20.Ne3 ( 20.Kh2 {um die g-Linie zum
Angriff freizumachen.} ) 20...Nb8 21.Kh2 {Aha.} 21...Kh7 22.Nd5 {(+01.18)} 
22...Nd7 {(-0.36)} 23.Qf3 {So dringt der Angriff nicht durch.} ( 23.f4 $1 {und
z.B.} 23...c6 24.Nxf6+ Nxf6 25.fxe5 Nxg4+ 26.Qxg4 Qc7 27.Rf6 {...} ) 23...Kg7 
24.Ne3 Nc5 25.Bc2 Ne6 26.Rad1 Bxe3 27.fxe3 Ng5 28.Qg2 c6 29.d4 ( 29.Rd2 {mit der
Idee nach f2 zu gehen.} ) 29...Re8 {Nun ist nicht mehr viel los.} 30.Bg3 Qe7 
31.h4 $1 {Vorwärts, was sonst?} 31...Ne6 32.Rf2 $1 Nf8 33.Rdf1 Nd7 34.h5 $1 Bh7 
35.Qf3 $6 {Wieder stockt der Angriff. Für beide ist der Variantendschungel zu
dicht.} ( 35.Bh4 $1 {sieht viel besser aus.} ) 35...exd4 36.exd4 Bxe4 37.Bxe4 
$10 Qxe4 38.Bxd6 Qxf3 39.Rxf3 Re2+ 40.R1f2 Rae8 {Das ist wohl ein
Unentschieden.} 41.Kg2 R2e4 42.Kg3 Re1 43.Rf1 R1e6 44.Bc7 b6 45.b3 Re4 46.Bd6 
R4e6 47.Bf4 Re4 {(-0.70)} 48.Bd2 {(+00.62)} 48...Re2 49.R3f2 R2e4 50.Bc1 R8e6 
51.Bf4 Re8 52.Bd2 R4e6 53.Kf3 Kh7 54.Rd1 Kg7 55.c4 Rd8 {Er sollte besser auf der
e-Linie bleiben.} 56.Rff1 ( 56.Re2 Rde8 57.Rde1 Nf8 58.d5 cxd5 ( 58...Rxe2 
59.Rxe2 Rc8 60.Re7 cxd5 61.cxd5 {...} ) 59.cxd5 {... sieht gut aus.} ) 56...Re7 
57.Rde1 Rde8 58.Bc3 $6 ( 58.Rxe7 $1 Rxe7 59.Re1 {und z.B.} 59...Re6 60.Re4 {...
gewinnt.} ) 58...Re6 59.Kf4 Rd8 60.Kf5 Rde8 {Rest in je 1 Stunde.} 61.Bd2 R8e7 
62.Rg1 Nf8 63.d5 Re5+ 64.Kf4 Nd7 65.dxc6 $16 {SEC hat wieder Gewinnchancen.} 
65...Nc5 66.Rxe5 fxe5+ 67.Kf5 Nxb3 68.Be3 Nd4+ 69.Bxd4 $2 {Jetzt nicht mehr.} ( 
69.Ke4 $1 Nxc6 70.Rb1 Nb4 71.Bxb6 Rd7 72.Kxe5 {...} ) 69...exd4 70.c5 bxc5 
71.Rc1 d3 72.Rxc5 Re6 73.c7 d2 74.Rd5 Rf6+ 75.Ke5 Rc6 76.Rxd2 Rxc7 77.Rd4 Rc1 
78.Rf4 Rb1 79.Kf5 Rc1 80.Re4 Rf1+ 81.Ke5 Rd1 82.Rc4 Rg1 83.Kf5 Rf1+ 84.Ke4 Ra1 
85.Rd4 Kf6 86.Kf3 Kg5 87.Rd5+ Kh4 88.Rxa5 Rf1+ 89.Ke2 Rf4 90.Ra8 Kxg4 91.a5 Ra4 
92.a6 Kxh5 93.a7 Ra3 94.Kd2 f5 95.Kc2 Kh4 96.Kb2 Ra5 97.Kc3 h5 98.Kb4 Ra1 
99.Kb5 f4 100.Kb6 f3 101.Rf8 Kg3 102.Rg8+ Kh2 103.Rf8 Kg2 104.Rg8+ {(+00.00)} 
104...Kf1 {(+0,15)} 105.Rh8 f2 106.Rxh5 Ke2 107.Re5+ Kd1 108.Rf5 Ke1 {(0.00)} 
109.Re5+ Kd2 110.Rf5 Ke1 111.Re5+ Kd2 112.Rf5 Ke1 {Remis 3x.} 1/2-1/2